[Event "Uppsala Young Champions 10th"]
[Site "Uppsala"]
[Date "2023.11.01"]
[Round "9"]
[White "Briem, Stephan"]
[Black "Mai, Alexander Oliver"]
[Result "1/2-1/2"]
[WhiteElo "2144"]
[BlackElo "2118"]
[PlyCount "27"]
[EventDate "2023.10.27"]
[EventType "swiss"]
[EventRounds "9"]
[EventCountry "SWE"]
[SourceTitle "CBM 217 Extra"]
[Source "ChessBase"]
[SourceDate "2024.01.31"]
[SourceVersion "1"]
[SourceVersionDate "2024.01.31"]
[SourceQuality "1"]

1. d4 Nf6 2. c4 e6 3. Nf3 d5 4. g3 Bb4+ 5. Bd2 Be7 6. Bg2 0-0 7. 0-0 c6 8. Qc2 Nbd7 9. Rc1 a5 10. Bf4 Nh5 11. Bd2 Nhf6 12. Bf4 Nh5 13. Bd2 Nhf6 14. Bf4 1/2-1/2

[Event "Uppsala Young Champions 10th"]
[Site "Uppsala"]
[Date "2023.10.30"]
[Round "5"]
[White "Steiners, Emils"]
[Black "Briem, Stephan"]
[Result "1/2-1/2"]
[WhiteElo "1914"]
[BlackElo "2144"]
[PlyCount "133"]
[EventDate "2023.10.27"]
[EventType "swiss"]
[EventRounds "9"]
[EventCountry "SWE"]
[SourceTitle "CBM 217 Extra"]
[Source "ChessBase"]
[SourceDate "2024.01.31"]
[SourceVersion "1"]
[SourceVersionDate "2024.01.31"]
[SourceQuality "1"]

1. d4 Nf6 2. c4 e6 3. Nc3 Bb4 4. e3 b6 5. Bd3 Bb7 6. f3 c5 7. Nge2 cxd4 8. exd4 0-0 9. 0-0 d5 10. Bg5 dxc4 11. Bxc4 Be7 12. Qd2 Nc6 13. Rad1 Nb4 14. f4 Qd7 15. Ng3 g6 16. Bxf6 Bxf6 17. Nce4 Be7 18. Qxb4 h5 19. d5 h4 20. d6 Bd8 21. Bb5 Qc8 22. Rc1 Qb8 23. Ne2 h3 24. Bc6 hxg2 25. Rfd1 Bxc6 26. Rxc6 Qb7 27. Rdc1 b5 28. Qc3 b4 29. Nf6+ Bxf6 30. Qxf6 Qb5 31. R1c4 Qd5 32. Qd4 Qf3 33. Qf2 Qd3 34. Rc1 Rad8 35. Qxg2 Rxd6 36. Rxd6 Qxd6 37. Rf1 Rd8 38. Ng3 a5 39. Kh1 Qc5 40. Ne4 Qe3 41. Qf3 Qd4 42. Qe2 Qd5 43. Qg2 Qf5 44. Ng3 Qd3 45. f5 exf5 46. Nxf5 Rd7 47. Nh6+ Kg7 48. Ng4 Re7 49. Qf3 Qxf3+ 50. Rxf3 Re1+ 51. Kg2 Ra1 52. Ne5 f6 53. Nc4 Rxa2 54. Rf1 a4 55. Kg3 g5 56. h3 Kg6 57. Re1 a3 58. bxa3 bxa3 59. Re3 f5 60. Rxa3 Rxa3+ 61. Nxa3 g4 62. h4 Kh5 63. Nc4 f4+ 64. Kxf4 Kxh4 65. Ne3 g3 66. Nf5+ Kh3 67. Nxg3 1/2-1/2

[Event "Reykjavik op"]
[Site "Reykjavik"]
[Date "2023.04.03"]
[Round "8"]
[White "Miller, Eduard"]
[Black "Briem, Stephan"]
[Result "0-1"]
[WhiteElo "2354"]
[BlackElo "2142"]
[PlyCount "116"]
[EventDate "2023.03.29"]
[EventType "swiss"]
[EventRounds "9"]
[EventCountry "ISL"]
[SourceTitle "CBM 213 Extra"]
[Source "ChessBase"]
[SourceDate "2023.05.31"]
[SourceVersion "1"]
[SourceVersionDate "2023.05.31"]
[SourceQuality "1"]

1. d4 d5 2. Bf4 c6 3. e3 Qb6 4. b3 Bf5 5. Nf3 Nf6 6. Be2 e6 7. 0-0 Nbd7 8. c4 Be7 9. h3 Ne4 10. Ne5 Nxe5 11. Bxe5 0-0 12. f3 Nf6 13. Bd3 Bxd3 14. Qxd3 c5 15. cxd5 Nxd5 16. Nc3 Nxc3 17. Qxc3 f6 18. dxc5 Bxc5 19. Bd4 Bxd4 20. Qxd4 Qxd4 21. exd4 Rfd8 22. Rfd1 Kf7 23. Kf2 Rac8 24. Rd2 Ke7 25. Rad1 Kd6 26. Ke3 Kd5 27. Kf4 Rc3 28. Re1 Rdc8 29. h4 Rc2 30. Ree2 Rxd2 31. Rxd2 b5 32. g4 a5 33. g5 Rc1 34. gxf6 gxf6 35. Kg4 a4 36. bxa4 bxa4 37. Kh5 Rc3 38. Kh6 Rxf3 39. Kxh7 Rg3 40. h5 f5 41. Re2 f4 42. Re5+ Kxd4 43. Rxe6 f3 44. Rf6 Ke3 45. Re6+ Kd2 46. Rf6 Ke2 47. Re6+ Kf1 48. Rg6 Kg2 49. h6 f2 50. Rxg3+ Kxg3 51. Kg8 f1Q 52. h7 Qc4+ 53. Kf8 Qh4 54. Kg8 Qg5+ 55. Kf7 Qh6 56. Kg8 Qg6+ 57. Kh8 Qf7 58. a3 Qf8# 0-1

[Event "Reykjavik op"]
[Site "Reykjavik"]
[Date "2023.04.01"]
[Round "6"]
[White "Opasiak, Dustin Tennessee"]
[Black "Briem, Stephan"]
[Result "0-1"]
[WhiteElo "1748"]
[BlackElo "2142"]
[PlyCount "74"]
[EventDate "2023.03.29"]
[EventType "swiss"]
[EventRounds "9"]
[EventCountry "ISL"]
[SourceTitle "CBM 213 Extra"]
[Source "ChessBase"]
[SourceDate "2023.05.31"]
[SourceVersion "1"]
[SourceVersionDate "2023.05.31"]
[SourceQuality "1"]

1. Nf3 d5 2. g3 g6 3. Bg2 Bg7 4. 0-0 e5 5. d3 Nc6 6. e4 dxe4 7. dxe4 Qxd1 8. Rxd1 Bg4 9. c3 Nf6 10. h3 Be6 11. Re1 h6 12. g4 0-0-0 13. Nbd2 Nd7 14. Bf1 Nc5 15. Bc4 Nd3 16. Rf1 Nf4 17. Kh2 h5 18. Bxe6+ fxe6 19. g5 Rd3 20. Re1 Bf8 21. h4 Bc5 22. Kg3 Rf8 23. b4 Bb6 24. Bb2 Rd7 25. Rab1 Nd3 26. Re2 Rf4 27. Kg2 Rg4+ 28. Kf1 Nf4 29. Re3 Bxe3 30. fxe3 Nd3 31. Ba1 b5 32. a3 Nd8 33. c4 bxc4 34. Bxe5 Nxe5 35. Nxe5 Rxd2 36. Nxg4 hxg4 37. h5 gxh5 0-1

[Event "Uppsala Young Champions 9th"]
[Site "Uppsala"]
[Date "2022.11.01"]
[Round "7"]
[White "Muntean, Victor"]
[Black "Briem, Stephan"]
[Result "0-1"]
[WhiteElo "1968"]
[BlackElo "2083"]
[PlyCount "72"]
[EventDate "2022.10.28"]
[EventType "swiss"]
[EventRounds "9"]
[EventCountry "SWE"]
[SourceTitle "EXT 2024"]
[Source "ChessBase"]
[SourceDate "2023.10.10"]
[SourceVersion "1"]
[SourceVersionDate "2023.10.10"]
[SourceQuality "1"]

1. e4 e6 2. d4 d5 3. e5 c5 4. c3 Qb6 5. Nf3 Bd7 6. a3 Bb5 7. b4 cxd4 8. Bxb5+ Qxb5 9. cxd4 Nd7 10. Nc3 Qc6 11. Bd2 Nb6 12. 0-0 Ne7 13. a4 Ng6 14. b5 Qd7 15. Ne1 Be7 16. f4 f5 17. g4 fxg4 18. Qxg4 Nc4 19. Rf2 Rc8 20. Na2 Bh4 21. Bb4 Ne3 22. Qf3 Bxf2+ 23. Qxf2 Nf5 24. Nd3 b6 25. Ba3 Rc4 26. Nab4 Nge7 27. Nc5 bxc5 28. dxc5 0-0 29. c6 Qe8 30. Kh1 Qh5 31. a5 Rb8 32. b6 axb6 33. Na6 Ra8 34. Nc7 Rxa5 35. Qxb6 Qf3+ 36. Kg1 Qe3+ 0-1

[Event "ISL-chT1 2122"]
[Site "Reykjavik"]
[Date "2022.03.06"]
[Round "10.2"]
[White "Briem, Stephan"]
[Black "Bjornsson, Tomas"]
[Result "1/2-1/2"]
[WhiteElo "2039"]
[BlackElo "2175"]
[PlyCount "49"]
[EventDate "2021.09.30"]
[EventType "team-tourn"]
[EventRounds "10"]
[EventCountry "ISL"]
[SourceTitle "EXT 2023"]
[Source "ChessBase"]
[SourceDate "2022.10.05"]
[SourceVersion "1"]
[SourceVersionDate "2022.10.05"]
[SourceQuality "1"]
[WhiteTeam "Breidjablik Bolungarvik"]
[BlackTeam "Vikingaklubburinn"]
[WhiteTeamCountry "ISL"]
[BlackTeamCountry "ISL"]

1. d4 Nf6 2. c4 e6 3. Nc3 Bb4 4. e3 0-0 5. Nge2 d5 6. a3 Bxc3+ 7. Nxc3 Nbd7 8. Bd3 dxc4 9. Bxc4 c5 10. 0-0 a6 11. dxc5 Nxc5 12. b4 Nce4 13. Nxe4 Nxe4 14. Qc2 Nf6 15. Bb2 Qc7 16. Rac1 Bd7 17. Be2 Qxc2 18. Rxc2 Nd5 19. Rfc1 Ba4 20. Rd2 Rac8 21. Rxc8 Rxc8 22. Bf3 Bc6 23. Rc2 Rd8 24. Be2 Ne7 25. Bd4 1/2-1/2

[Event "ISL-chT1 2122"]
[Site "Reykjavik"]
[Date "2022.03.03"]
[Round "6.3"]
[White "Briem, Stephan"]
[Black "Crevatin, Leo"]
[Result "1/2-1/2"]
[WhiteElo "2039"]
[BlackElo "2224"]
[PlyCount "52"]
[EventDate "2021.09.30"]
[EventType "team-tourn"]
[EventRounds "10"]
[EventCountry "ISL"]
[SourceTitle "EXT 2024"]
[Source "ChessBase"]
[SourceDate "2023.10.10"]
[SourceVersion "1"]
[SourceVersionDate "2023.10.10"]
[SourceQuality "1"]
[WhiteTeam "Breidjablik Bolungarvik"]
[BlackTeam "Taflfelag Gardabaejar"]
[WhiteTeamCountry "ISL"]
[BlackTeamCountry "ISL"]

1. d4 Nf6 2. Nf3 d5 3. e3 c5 4. c4 cxd4 5. exd4 Nc6 6. Nc3 a6 7. cxd5 Nxd5 8. Bc4 Be6 9. Bb3 Na5 10. Ng5 Nxc3 11. bxc3 Bxb3 12. axb3 Qd5 13. 0-0 Nxb3 14. c4 Qxc4 15. Rb1 Nxc1 16. Rxc1 Qd5 17. Rc5 Qd7 18. Qc2 h6 19. Rc7 Qg4 20. Rxb7 hxg5 21. Qc6+ Kd8 22. Qb6+ Ke8 23. Qc6+ Kd8 24. Qb6+ Ke8 25. Qc6+ Kd8 26. Qb6+ Ke8 1/2-1/2

[Event "Kragero op"]
[Site "Kragero"]
[Date "2022.02.26"]
[Round "7"]
[White "Hirneise, Jens"]
[Black "Briem, Stephan"]
[Result "1-0"]
[WhiteElo "2327"]
[BlackElo "2039"]
[PlyCount "57"]
[EventDate "2022.02.23"]
[EventType "swiss"]
[EventRounds "9"]
[EventCountry "NOR"]
[SourceTitle "CBM 207 Extra"]
[Source "ChessBase"]
[SourceDate "2022.05.31"]
[SourceVersion "1"]
[SourceVersionDate "2022.05.31"]
[SourceQuality "1"]

1. e4 e5 2. Nf3 Nf6 3. Nxe5 d6 4. Nf3 Nxe4 5. Bd3 Nc5 6. Be2 d5 7. d4 Ne4 8. 0-0 Be7 9. c4 c6 10. Nc3 Nxc3 11. bxc3 dxc4 12. Bxc4 Nd7 13. a4 0-0 14. a5 Qc7 15. Re1 Bd6 16. Bg5 b5 17. Bd3 h6 18. Bh4 a6 19. Qe2 Bb7 20. Qe4 g6 21. Qg4 Kg7 22. Re6 Rg8 23. Rxg6+ fxg6 24. Qxg6+ Kf8 25. Qf5+ Kg7 26. Re1 Rh8 27. Be7 Ne5 28. Qf6+ Kg8 29. Rxe5 1-0

[Event "ISL-chT1 1920"]
[Site "Reykjavik"]
[Date "2021.05.15"]
[Round "8.1"]
[White "Briem, Stephan"]
[Black "Bjornsson, Tomas"]
[Result "0-1"]
[WhiteElo "2199"]
[BlackElo "2154"]
[PlyCount "176"]
[EventDate "2019.10.03"]
[EventType "team-tourn"]
[EventRounds "9"]
[EventCountry "ISL"]
[SourceTitle "EXT 2022"]
[Source "ChessBase"]
[SourceDate "2021.10.06"]
[SourceVersion "1"]
[SourceVersionDate "2021.10.06"]
[SourceQuality "1"]
[WhiteTeam "Breidjablik Bolungarvik"]
[BlackTeam "Skakdeild Fjolnis"]
[WhiteTeamCountry "ISL"]
[BlackTeamCountry "ISL"]

1. d4 Nf6 2. c4 e6 3. Nc3 d5 4. cxd5 exd5 5. Bg5 Be7 6. e3 0-0 7. Bd3 Nbd7 8. Nge2 h6 9. Bh4 c6 10. f3 Re8 11. 0-0 c5 12. Qd2 b6 13. Kh1 Bb7 14. Rae1 Nh5 15. Bf2 Nhf6 16. Rd1 cxd4 17. exd4 Rc8 18. Ng3 Nf8 19. Nf5 Ng6 20. Nxe7+ Rxe7 21. Rc1 Nh5 22. Rc2 Nhf4 23. Bf5 Ba6 24. Rfc1 Ra8 25. Be3 Nxg2 26. Bf2 N2h4 27. Bg4 f5 28. Bh5 Qd6 29. Rg1 Re6 30. Rcc1 Kh7 31. Rce1 Rxe1 32. Qxe1 Qd8 33. Qe6 Nf4 34. Qe5 Nxh5 35. Bxh4 Qxh4 36. Qxf5+ Kh8 37. Nxd5 Bb7 38. Ne3 Qf4 39. Qxf4 Nxf4 40. Re1 Bxf3+ 41. Kg1 Nh3+ 42. Kf1 Rd8 43. Nc2 Bd5 44. Re7 Rf8+ 45. Ke2 Nf4+ 46. Kd2 a5 47. a3 Ng6 48. Rd7 Rf2+ 49. Kc3 Be4 50. Ne3 Rxh2 51. d5 Rh5 52. Kd4 Rh4 53. Rd8+ Kh7 54. Nc4 Bf3+ 55. Kc3 b5 56. Nxa5 Ne7 57. d6 Nd5+ 58. Kd3 Nb6 59. d7 Nxd7 60. Rxd7 h5 61. Ke3 Rh3 62. Kf4 Bg4 63. Rd5 Be2 64. Nb7 Rb3 65. Re5 Rxb2 66. Nd6 h4 67. Ne4 Bc4 68. Rh5+ Kg8 69. Rxh4 Rb3 70. Nd2 Rxa3 71. Nxc4 bxc4 72. Ke4 Rc3 73. Kd5 Rc1 74. Ke5 c3 75. Kd4 Kf7 76. Ke3 Kf6 77. Rc4 g5 78. Kf2 Kf5 79. Kg2 Ke5 80. Kf3 Kd5 81. Rc8 Kd4 82. Rd8+ Kc4 83. Ke3 Kb3 84. Rb8+ Kc2 85. Rb5 g4 86. Rg5 Re1+ 87. Kf2 Re4 88. Rg8 Kd3 0-1

[Event "ISL-ch Online Rapid"]
[Site "Tornelo INT"]
[Date "2020.12.26"]
[Round "7"]
[White "Briem, Stephan"]
[Black "Geirsson, Kristjan"]
[Result "1-0"]
[WhiteElo "2102"]
[BlackElo "1728"]
[PlyCount "71"]
[EventDate "2020.12.26"]
[EventType "tourn (rapid)"]
[EventRounds "7"]
[EventCountry "ISL"]
[SourceTitle "CBM 199 Extra"]
[Source "ChessBase"]
[SourceDate "2021.01.31"]
[SourceVersion "1"]
[SourceVersionDate "2021.01.31"]
[SourceQuality "1"]

1. d4 Nf6 2. c4 e6 3. Nc3 Bb4 4. e3 c5 5. Nge2 Nc6 6. a3 Bxc3+ 7. Nxc3 cxd4 8. exd4 0-0 9. d5 Ne7 10. Be2 b6 11. 0-0 Bb7 12. Bf3 Rb8 13. Bf4 d6 14. dxe6 Bxf3 15. Qxf3 fxe6 16. Qe2 e5 17. Bg5 h6 18. Be3 Nf5 19. Rfd1 Qe7 20. Rd2 Rbc8 21. Rad1 Rfd8 22. b3 Kh8 23. Qf3 Qe6 24. h3 Nh4 25. Qe2 Nf5 26. Nd5 Ne7 27. Nxe7 Qxe7 28. a4 Ne4 29. Rd3 Nc5 30. Bxc5 bxc5 31. Rd5 Qf6 32. R1d3 Rb8 33. Kh2 a5 34. Rf3 Qg6 35. Qd2 Rb4 36. Rxc5 1-0

[Event "Nordic-ch U17"]
[Site "Fredericia"]
[Date "2020.02.14"]
[Round "1"]
[White "Briem, Stephan"]
[Black "Muntean, Victor"]
[Result "1-0"]
[WhiteElo "2197"]
[BlackElo "1960"]
[PlyCount "87"]
[EventDate "2020.02.14"]
[EventType "swiss"]
[EventRounds "6"]
[EventCountry "DEN"]
[SourceTitle "EXT 2021"]
[Source "ChessBase"]
[SourceDate "2020.10.23"]
[SourceVersion "1"]
[SourceVersionDate "2020.10.23"]
[SourceQuality "1"]

1. d4 d5 2. c4 dxc4 3. Nf3 Nf6 4. e3 Be6 5. Na3 Nbd7 6. Nxc4 Bxc4 7. Bxc4 Nb6 8. Bd3 e6 9. 0-0 Be7 10. e4 c6 11. Bf4 h6 12. Qe2 g5 13. Be3 Qc7 14. a3 0-0-0 15. b4 Kb8 16. Rfc1 a6 17. a4 Bxb4 18. a5 Nc8 19. Qb2 Bxa5 20. d5 Nxe4 21. Bxe4 exd5 22. Bxd5 Bb6 23. Rab1 g4 24. Ne1 Bxe3 25. fxe3 Qe7 26. Rxc6 Qxe3+ 27. Kh1 b6 28. Bc4 Kb7 29. Qf6 Rhe8 30. Nc2 Qe4 31. Rcxb6+ Kc7 32. Qxf7+ Re7 33. Rb7+ Qxb7 34. Qf4+ Nd6 35. Rxb7+ Kxb7 36. Bd5+ Kc7 37. Qf6 Rde8 38. Qc3+ Kb8 39. h3 gxh3 40. Qxh3 Re5 41. Bf3 h5 42. Qd7 Ne4 43. Nd4 Nc5 44. Nc6+ 1-0

[Event "Reykjavik Congress"]
[Site "Reykjavik"]
[Date "2020.01.26"]
[Round "7"]
[White "Haraldsson, Haraldur"]
[Black "Briem, Stephan"]
[Result "1/2-1/2"]
[WhiteElo "1962"]
[BlackElo "2197"]
[PlyCount "212"]
[EventDate "2020.01.05"]
[EventType "swiss"]
[EventRounds "9"]
[EventCountry "ISL"]
[SourceTitle "CBM 194 Extra"]
[Source "ChessBase"]
[SourceDate "2020.03.31"]
[SourceVersion "1"]
[SourceVersionDate "2020.03.31"]
[SourceQuality "1"]

1. d4 Nf6 2. c4 e6 3. Nf3 Bb4+ 4. Bd2 a5 5. Nc3 d6 6. e3 Nbd7 7. Bd3 e5 8. Qc2 0-0 9. 0-0 Re8 10. Ng5 h6 11. Nge4 Nxe4 12. Bxe4 Nf6 13. Bf3 c6 14. Rad1 Qe7 15. a3 Bxc3 16. bxc3 e4 17. Be2 h5 18. f4 exf3 19. gxf3 d5 20. Kh1 Qe6 21. Rg1 Qf5 22. Qb1 h4 23. cxd5 cxd5 24. Qxf5 Bxf5 25. c4 dxc4 26. Bxc4 Rac8 27. Rc1 Ne4 28. Bxa5 Nd6 29. Bd5 Rxe3 30. Bb4 Nb5 31. Bxb7 Rb8 32. Bc6 Nxa3 33. Bd6 Rd8 34. Bf4 Rd3 35. Be5 Bg6 36. Be4 R3xd4 37. Bxd4 Rxd4 38. Bxg6 fxg6 39. Rxg6 Nc4 40. Rg4 Rxg4 41. fxg4 Ne5 42. h3 Kf7 43. Rf1+ Kg6 44. Rf5 Nf7 45. Kg2 Ng5 46. Re5 Kf6 47. Rf5+ Kg6 48. Rf8 Kh7 49. Re8 Nf7 50. Re3 Ng5 51. Rd3 Kh6 52. Kf2 Kg6 53. Ke2 Kf6 54. Re3 Kg6 55. Kd3 Kf6 56. Kc4 Kg6 57. Kd5 Kf6 58. Ra3 Kg6 59. Ke5 Kh6 60. Kf5 g6+ 61. Kf4 Ne6+ 62. Ke5 Ng5 63. Re3 Kg7 64. Ra3 Kh6 65. Kf4 Ne6+ 66. Kf3 Ng5+ 67. Kg2 Kg7 68. Ra5 Kf6 69. Rb5 Ne6 70. Rb6 Kf7 71. Rb7+ Kf6 72. Rh7 Kg5 73. Rf7 Nf4+ 74. Kh2 Ne6 75. Rf3 Nf4 76. Kg1 Ne6 77. Kf2 Kh6 78. Re3 Ng5 79. Ke2 Kg7 80. Kd3 Kf6 81. Kd4 Ne6+ 82. Ke4 Kg7 83. g5 Nxg5+ 84. Kf4 Kh6 85. Kg4 Nf7 86. Kxh4 Nd6 87. Kg4 Nf5 88. Ra3 Ng7 89. h4 Nh5 90. Ra6 Ng7 91. Rf6 Nh5 92. Rf7 Ng7 93. Ra7 Nh5 94. Ra6 Ng7 95. Kf4 Nf5 96. Ra8 Ne7 97. Rd8 Nf5 98. Re8 Nd4 99. Kg4 Kg7 100. Re4 Nf5 101. Kg5 Nh6 102. Ra4 Nf7+ 103. Kf4 Kf6 104. Ra6+ Kg7 105. Re6 Nd8 106. Re1 Kf6 1/2-1/2

[Event "Reykjavik Congress"]
[Site "Reykjavik"]
[Date "2020.01.12"]
[Round "3"]
[White "Thorisson, Benedikt"]
[Black "Briem, Stephan"]
[Result "0-1"]
[WhiteElo "1598"]
[BlackElo "2197"]
[PlyCount "112"]
[EventDate "2020.01.05"]
[EventType "swiss"]
[EventRounds "9"]
[EventCountry "ISL"]
[SourceTitle "CBM 194 Extra"]
[Source "ChessBase"]
[SourceDate "2020.03.31"]
[SourceVersion "1"]
[SourceVersionDate "2020.03.31"]
[SourceQuality "1"]

1. e4 c5 2. Nf3 d6 3. d4 cxd4 4. Nxd4 Nf6 5. Nc3 a6 6. f3 e5 7. Nb3 Be6 8. Be3 Be7 9. Qd2 0-0 10. 0-0-0 Nbd7 11. g4 b5 12. h4 b4 13. Nd5 Bxd5 14. exd5 Nb6 15. Na5 Nbxd5 16. Nc6 Qc7 17. Nxe7+ Nxe7 18. Qxd6 Rfc8 19. Qxc7 Rxc7 20. Rh2 Nfd5 21. Bg1 Nf4 22. Rhd2 h5 23. Rd7 Rac8 24. Rxc7 Rxc7 25. gxh5 Nf5 26. Bf2 Rc6 27. Rd8+ Kh7 28. Rb8 Rh6 29. Rxb4 Rxh5 30. Bxa6 Nxh4 31. Bb7 Nf5 32. Be4 g6 33. Bc5 Ng7 34. Rb7 Nge6 35. Bd6 Kg7 36. a4 Nd4 37. a5 Rh1+ 38. Kd2 Kh6 39. a6 f5 40. a7 fxe4 41. a8Q Rh2+ 42. Kc3 Rxc2+ 43. Kb4 Nd3+ 44. Ka3 Rc1 45. Qh8+ Kg5 46. Be7+ Kf4 47. Qf8+ Kg3 48. Ka2 exf3 49. Qh6 Rd1 50. Bh4+ Kg2 51. Qxg6+ Kf1 52. Rg7 Nb4+ 53. Ka3 Nbc2+ 54. Qxc2 Nxc2+ 55. Kb3 Nd4+ 56. Kc4 Nf5 0-1

[Event "World ol U16"]
[Site "Corum"]
[Date "2019.11.03"]
[Round "7.16"]
[White "Martins, Bruno Andre Leite"]
[Black "Briem, Stephan"]
[Result "1/2-1/2"]
[WhiteElo "2284"]
[BlackElo "2199"]
[PlyCount "112"]
[EventDate "2019.10.29"]
[EventType "team-swiss"]
[EventRounds "9"]
[EventCountry "TUR"]
[SourceTitle "CBM 192 Extra"]
[Source "Chessbase"]
[SourceDate "2019.11.06"]
[SourceVersion "1"]
[SourceVersionDate "2019.11.06"]
[SourceQuality "1"]
[WhiteTeam "Portugal"]
[BlackTeam "Iceland"]
[WhiteTeamCountry "POR"]
[BlackTeamCountry "ISL"]

1. e4 e6 2. d4 d5 3. Nd2 c5 4. exd5 Qxd5 5. Ngf3 cxd4 6. Bc4 Qd8 7. 0-0 Nc6 8. Nb3 a6 9. Nbxd4 Nxd4 10. Qxd4 Qxd4 11. Nxd4 Bd7 12. Be2 Ne7 13. Bf3 Nc6 14. Nxc6 Bxc6 15. Bxc6+ bxc6 16. Rd1 Bc5 17. Bf4 Ke7 18. Rd3 Rhd8 19. Rad1 Rd5 20. c4 Rxd3 21. Rxd3 Rd8 22. Rxd8 Kxd8 23. Kf1 Bd4 24. b3 e5 25. Bd2 Kd7 26. Ke2 f5 27. f3 c5 28. Kd3 Kd6 29. Bc1 g6 30. h3 Ke6 31. a3 Kd6 32. b4 Kc6 33. Kc2 Kb6 34. Bg5 Kc6 35. g4 e4 36. fxe4 fxe4 37. Be7 Kd7 38. Bh4 Kc6 39. Be1 Kb6 40. Kb3 h5 41. gxh5 gxh5 42. Ka4 Bg1 43. Kb3 e3 44. Kc2 Bf2 45. Kd1 Bxe1 46. Kxe1 cxb4 47. axb4 a5 48. c5+ Kb5 49. c6 Kxc6 50. bxa5 Kb5 51. Ke2 Kxa5 52. Kxe3 Kb6 53. Kf4 Kc6 54. Kg5 Kd6 55. Kxh5 Ke7 56. Kg6 Kf8 1/2-1/2

[Event "World ol U16"]
[Site "Corum"]
[Date "2019.10.30"]
[Round "2.14"]
[White "Ahmed, Jaza Jamal"]
[Black "Briem, Stephan"]
[Result "1-0"]
[WhiteElo "2011"]
[BlackElo "2199"]
[PlyCount "63"]
[EventDate "2019.10.29"]
[EventType "team-swiss"]
[EventRounds "9"]
[EventCountry "TUR"]
[SourceTitle "CBM 192 Extra"]
[Source "Chessbase"]
[SourceDate "2019.11.06"]
[SourceVersion "1"]
[SourceVersionDate "2019.11.06"]
[SourceQuality "1"]
[WhiteTeam "Iraq"]
[BlackTeam "Iceland"]
[WhiteTeamCountry "IRQ"]
[BlackTeamCountry "ISL"]

1. e4 c5 2. Nf3 d6 3. d4 cxd4 4. Nxd4 Nf6 5. Nc3 a6 6. Bg5 Nbd7 7. f4 Qc7 8. Qf3 h6 9. Bh4 g5 10. fxg5 hxg5 11. Bxg5 Qc5 12. Be3 Ne5 13. Qe2 Neg4 14. Bg1 Bh6 15. g3 Qe5 16. Bg2 Bd7 17. Qd3 Qg5 18. Nf3 Qa5 19. h3 Ne5 20. Nxe5 Qxe5 21. Bd4 Qg5 22. 0-0 e5 23. Bb6 0-0 24. Qxd6 Kg7 25. h4 Qg6 26. Qxe5 Rae8 27. Qd4 Re6 28. Nd5 Bc6 29. Nxf6 Rxf6 30. Qc3 Re8 31. Rxf6 Qxf6 32. Bd4 1-0